| 000 | 00870nam a2200277Ia 4500 | ||
|---|---|---|---|
| 003 | OSt | ||
| 005 | 20220927103639.0 | ||
| 006 | a|||||r|||| 00| 0 | ||
| 007 | ta | ||
| 008 | 220926b |||||||| |||| 00| 0 eng d | ||
| 024 | _a112449 | ||
| 037 | _cReference Collections | ||
| 040 |
_aRTL _cRTL _beng |
||
| 041 |
_2eng _aeng |
||
| 082 | _a"J385:46, J3/UN" | ||
| 110 |
_a"United Nations, Food and Agriculture Organization" _9360974 |
||
| 245 | 0 |
_aMaize and maize diets _b A nutritional survey |
|
| 260 |
_aRome _bFood and Agriculture Organization _c1953 |
||
| 300 |
_a94p. _ccm. |
||
| 490 | _aNutritional Studies. 9. | ||
| 500 | _aBibliography p.84-94 | ||
| 650 |
_aAgriculture _9360975 |
||
| 700 |
_a"United Nations, Food and Agriculture Organization" _9360976 |
||
| 942 |
_h"J385:46, J3/UN" _cCC |
||
| 999 |
_c684546 _d684546 |
||